MyGZULibrary

Education, equality and human rights : (Record no. 10119)

MARC details
000 -LEADER
fixed length control field 02411cam a22004694a 4500
001 - CONTROL NUMBER
control field 14082155
003 - CONTROL NUMBER IDENTIFIER
control field GZU
005 - DATE AND TIME OF LATEST TRANSACTION
control field 20211014150205.0
008 - FIXED-LENGTH DATA ELEMENTS--GENERAL INFORMATION
fixed length control field 050822s2006 enka b 001 0 eng
010 ## - LIBRARY OF CONGRESS CONTROL NUMBER
LC control number 2005024404
015 ## - NATIONAL BIBLIOGRAPHY NUMBER
National bibliography number GBA558721
Source bnb
016 7# - NATIONAL BIBLIOGRAPHIC AGENCY CONTROL NUMBER
Record control number 013250540
Source Uk
020 ## - INTERNATIONAL STANDARD BOOK NUMBER
International Standard Book Number 0415356598 (hardback)
020 ## - INTERNATIONAL STANDARD BOOK NUMBER
International Standard Book Number 9780415356596 (hardback)
020 ## - INTERNATIONAL STANDARD BOOK NUMBER
International Standard Book Number 0415356601 (pbk.)
020 ## - INTERNATIONAL STANDARD BOOK NUMBER
International Standard Book Number 9780415356602 (pbk.)
020 ## - INTERNATIONAL STANDARD BOOK NUMBER
International Standard Book Number 0203487168 (ebk.)
020 ## - INTERNATIONAL STANDARD BOOK NUMBER
International Standard Book Number 9780203487167 (ebk.)
035 ## - SYSTEM CONTROL NUMBER
System control number (OCoLC)ocm61361603
040 ## - CATALOGING SOURCE
Original cataloging agency DLC
Language of cataloging eng
Transcribing agency DLC
Modifying agency BAKER
-- BWKUK
-- OCLCQ
-- UKM
-- YDXCP
-- OCLCQ
-- BTCTA
-- LVB
-- GZI
-- NLGGC
-- STF
-- OCLCQ
-- DEBBG
-- OCLCQ
-- OCL
-- OCLCQ
-- DLC
042 ## - AUTHENTICATION CODE
Authentication code pcc
043 ## - GEOGRAPHIC AREA CODE
Geographic area code e-uk---
050 00 - LIBRARY OF CONGRESS CALL NUMBER
Classification number LC213.3.G7
Item number EDU 2006
245 00 - TITLE STATEMENT
Title Education, equality and human rights :
Remainder of title issues of gender, 'race', sexuality, disability and social class /
Statement of responsibility, etc. edited by Mike Cole.
250 ## - EDITION STATEMENT
Edition statement 2nd edition.
260 ## - PUBLICATION, DISTRIBUTION, ETC.
Place of publication, distribution, etc. London :
Name of publisher, distributor, etc. New York :
-- Routledge,
Date of publication, distribution, etc. 2006.
300 ## - PHYSICAL DESCRIPTION
Extent xvii, 234 pages. :
Other physical details ill. ;
Dimensions 24 cm.
504 ## - BIBLIOGRAPHY, ETC. NOTE
Bibliography, etc. note Includes bibliographical references and index.
505 0# - FORMATTED CONTENTS NOTE
Formatted contents note Women thirty-five years on -- Gender and education -- Racism and resistance -- Racism and education -- The making of sexualities -- Straight talking -- Disability equality -- Inclusive education or special educational needs -- 'Multitude' or 'class' -- Social class and schooling.
650 #0 - SUBJECT ADDED ENTRY--TOPICAL TERM
Topical term or geographic name entry element Educational equalization
Geographic subdivision Great Britain.
650 #0 - SUBJECT ADDED ENTRY--TOPICAL TERM
Topical term or geographic name entry element Discrimination in education
Geographic subdivision Great Britain.
650 #0 - SUBJECT ADDED ENTRY--TOPICAL TERM
Topical term or geographic name entry element Human rights.
650 #0 - SUBJECT ADDED ENTRY--TOPICAL TERM
Topical term or geographic name entry element Critical pedagogy
Geographic subdivision Great Britain.
700 1# - ADDED ENTRY--PERSONAL NAME
Personal name Cole, Mike,
Dates associated with a name 1946-
Relator term editor
856 41 - ELECTRONIC LOCATION AND ACCESS
Materials specified Table of contents
Uniform Resource Identifier <a href="http://catdir.loc.gov/catdir/toc/ecip0517/2005024404.html">http://catdir.loc.gov/catdir/toc/ecip0517/2005024404.html</a>
856 41 - ELECTRONIC LOCATION AND ACCESS
Materials specified Table of contents
Uniform Resource Identifier <a href="http://bvbr.bib-bvb.de:8991/F?func=service&doc_library=BVB01&doc_number=013836829&line_number=0001&func_code=DB_RECORDS&service_type=MEDIA">http://bvbr.bib-bvb.de:8991/F?func=service&doc_library=BVB01&doc_number=013836829&line_number=0001&func_code=DB_RECORDS&service_type=MEDIA</a>
856 41 - ELECTRONIC LOCATION AND ACCESS
Public note Available to Stanford-affiliated users at:
Uniform Resource Identifier <a href="http://site.ebrary.com/lib/stanford/Doc?id=10054138">http://site.ebrary.com/lib/stanford/Doc?id=10054138</a>
856 42 - ELECTRONIC LOCATION AND ACCESS
Materials specified Publisher description
Uniform Resource Identifier <a href="http://www.loc.gov/catdir/enhancements/fy0659/2005024404-d.html">http://www.loc.gov/catdir/enhancements/fy0659/2005024404-d.html</a>
906 ## - LOCAL DATA ELEMENT F, LDF (RLIN)
a 7
b cbc
c orignew
d 1
e ecip
f 20
g y-gencatlg
942 ## - ADDED ENTRY ELEMENTS (KOHA)
Source of classification or shelving scheme Library of Congress Classification
Koha item type Books
Edition Second edition
Classification part 213.3.G7
Item part EDU
Call number prefix LC
Holdings
Withdrawn status Lost status Source of classification or shelving scheme Damaged status Not for loan Collection code Home library Current library Shelving location Date acquired Source of acquisition Total Checkouts Full call number Barcode Date last seen Copy number Price effective from Koha item type
    Library of Congress Classification     Non-fiction City Campus Library City Campus Library General Stacks 10/14/2021 American Embassy - Harare   LC213.3.G7 EDU 2006 031600 10/14/2021 c. 1 10/14/2021 Books